বেগম রোকেয়া সাখাওয়াত হোসেন চিন্তা-চেতনার ধারা ও সমাজকর্ম / (Record no. 27648)
[ view plain ]
| 000 -LEADER | |
|---|---|
| fixed length control field | 01057nam a22002177a 4500 |
| 003 - CONTROL NUMBER IDENTIFIER | |
| control field | BDDh-ASL |
| 005 - DATE AND TIME OF LATEST TRANSACTION | |
| control field | 20231016062616.0 |
| 008 - FIXED-LENGTH DATA ELEMENTS--GENERAL INFORMATION | |
| fixed length control field | 201108s1992 b ||||| |||| 00| 0 b d |
| 040 ## - CATALOGING SOURCE | |
| Original cataloging agency | BDDh-ASL |
| Transcribing agency | BDDh-ASL |
| 041 ## - LANGUAGE CODE | |
| Language code of text/sound track or separate title | ben |
| 082 ## - DEWEY DECIMAL CLASSIFICATION NUMBER | |
| Classification number | 922.97 |
| Item number | ALB |
| 100 1# - MAIN ENTRY--PERSONAL NAME | |
| 9 (RLIN) | 1038 |
| Personal name | আলম, তাহমিনা |
| 245 10 - TITLE STATEMENT | |
| Title | বেগম রোকেয়া সাখাওয়াত হোসেন চিন্তা-চেতনার ধারা ও সমাজকর্ম / |
| 246 ## - VARYING FORM OF TITLE | |
| Title proper/short title | Begum Rokeya Sakhawat Hossain Chinta-Chitonar Dhara O Samajkarma |
| 260 ## - PUBLICATION, DISTRIBUTION, ETC. | |
| Place of publication, distribution, etc. | ঢাকা: |
| Name of publisher, distributor, etc. | বাংলা একাডেমি, |
| Date of publication, distribution, etc. | ১৯৯২। |
| 300 ## - PHYSICAL DESCRIPTION | |
| Extent | ১৯৭ পৃষ্ঠা, : |
| Dimensions | ২২ সে. মি. |
| 504 ## - BIBLIOGRAPHY, ETC. NOTE | |
| Bibliography, etc. note | গ্রন্থপঞ্জি ও নিঘন্ট সংযুক্ত । |
| 600 10 - SUBJECT ADDED ENTRY--PERSONAL NAME | |
| 9 (RLIN) | 2066 |
| Personal name | রোকেয়া, বেগম |
| Fuller form of name | বেগম রোকেয়া সাখাওয়াত হোসেন |
| 650 #0 - SUBJECT ADDED ENTRY--TOPICAL TERM | |
| Topical term or geographic name entry element | biographical dictionary - চরিতাভিধান |
| 9 (RLIN) | 4665 |
| 942 ## - ADDED ENTRY ELEMENTS (KOHA) | |
| Source of classification or shelving scheme | Dewey Decimal Classification |
| Koha item type | Books |
| Withdrawn status | Lost status | Source of classification or shelving scheme | Damaged status | Not for loan | Collection code | Home library | Current library | Shelving location | Date acquired | Source of acquisition | Total Checkouts | Full call number | Barcode | Date last seen | Copy number | Price effective from | Koha item type |
|---|---|---|---|---|---|---|---|---|---|---|---|---|---|---|---|---|---|
| Dewey Decimal Classification | Non-fiction | Asiatic Society Library | Asiatic Society Library | General Stacks | 11/07/2021 | ASB Library Collection | 922.97 ALB | 113782 | 11/07/2021 | C-1 | 11/07/2021 | Books | |||||
| Dewey Decimal Classification | Non-fiction | Asiatic Society Library | Asiatic Society Library | General Stacks | 11/07/2021 | ASB Library Collection | 922.97 ALB | 113783 | 11/07/2021 | C-2 | 11/07/2021 | Books | |||||
| Dewey Decimal Classification | Non-fiction | Asiatic Society Library | Asiatic Society Library | General Stacks | 11/07/2021 | ASB Library Collection | 922.97 ALB | 113784 | 11/07/2021 | C-3 | 11/07/2021 | Books | |||||
| Dewey Decimal Classification | Non-fiction | Asiatic Society Library | Asiatic Society Library | General Stacks | 11/07/2021 | ASB Library Collection | 922.97 ALB | 113785 | 11/07/2021 | C-4 | 11/07/2021 | Books | |||||
| Dewey Decimal Classification | Non-fiction | Asiatic Society Library | Asiatic Society Library | General Stacks | 11/07/2021 | ASB Library Collection | 922.97 ALB | 113786 | 11/07/2021 | C-5 | 11/07/2021 | Books | |||||
| Dewey Decimal Classification | Non-fiction | Asiatic Society Library | Asiatic Society Library | General Stacks | 11/08/2021 | ASB Library Collection | 922.97 ALB | 113871 | 11/08/2021 | C-6 | 11/08/2021 | Books |